| 000 -LEADER |
| fixed length control field |
00573nam a22001817a 4500 |
| 003 - CONTROL NUMBER IDENTIFIER |
| control field |
OSt |
| 005 - DATE AND TIME OF LATEST TRANSACTION |
| control field |
20180605091530.0 |
| 008 - FIXED-LENGTH DATA ELEMENTS--GENERAL INFORMATION |
| fixed length control field |
180315b xxu||||| |||| 00| 0 spa d |
| 040 ## - CATALOGING SOURCE |
| Transcribing agency |
PJ |
| 100 ## - ASIENTO PRINCIPAL - NOMBRE DE PERSONA |
| Personal name |
Pérez Serrano Jáuregui, Nicolás |
| 9 (RLIN) |
914 |
| 245 10 - MENCIÓN DE TÍTULO |
| Título propiamente dicho |
Los grupos parlamentarios / |
| Mención de responsabilidad, etc |
Nicolás Pérez Serrano Jáuregui. |
| 260 ## - PUBLICATION, DISTRIBUTION, ETC. (IMPRINT) |
| Place of publication, distribution, etc |
Madrid : |
| Name of publisher, distributor, etc |
Tecnos, |
| Date of publication, distribution, etc |
1989. |
| 300 ## - DESCRIPCION FISICA |
| Extent |
260 p. |
| Dimensions |
24 cm. |
| 490 ## - MENCION DE SERIE |
| Mención de Serie |
Serie de Derecho |
| 500 ## - NOTA GENERAL |
| General note |
Citas y notas bibliográficas al pie de página. |
| 650 #0 - ASIENTO SECUNDARIO DE MATERIA - TERMINO TEMATICO |
| 9 (RLIN) |
178 |
| Topical term or geographic name as entry element |
DERECHO CONSTITUCIONAL |
| 942 ## - ADDED ENTRY ELEMENTS (KOHA) |
| Source of classification or shelving scheme |
|
| Koha item type |
Libros |
| Classification part |
342.384.2 |
| Item part |
PER |